Estadísticas para NOMBRA EL PAIS DE ESTOS CLUBES AMERICANOS

Haz click aquí para intentar la prueba.

Estadísticas generales

  • Esta prueba ha sido intentada 137 veces
  • La puntuación promedio es 11 de 15

Estadísticas de respuestas

Respuesta% Correcto
BRASIL
99%
PERU
96%
CHILE
90%
MEXICO
87%
BOLIVIA
81%
URUGUAY
81%
COLOMBIA
80%
ARGENTINA
78%
PARAGUAY
77%
ECUADOR
74%
VENEZUELA
56%
COSTA RICA
52%
HONDURAS
50%
PANAMA
48%
EL SALVADOR
46%

Distribución de puntuación

Porcentaje por número respondido

Porcentaje de gente con cada puntuación

Historial de tus puntuaciones

No has intentado esta prueba.